Armenia : First Review under the Stand-By Arrangement-Press Release; Staff Report; and Statement by the Executive Director for the Republic of Armenia.

This paper highlights Republic of Armenia's First Review Under the Stand-By-Arrangement. Armenia's economic performance is strong with healthy growth, low inflation, a stable financial system, with increasing foreign reserves and higher revenues. Despite fiscal overperformance, it is key t...

ver descrição completa

Detalhes bibliográficos
Autor Corporativo: International Monetary Fund. Middle East and Central Asia Dept
Formato: Periódico
Idioma:English
Publicado em: Washington, D.C. : International Monetary Fund, 2019.
Colecção:IMF Staff Country Reports; Country Report ; No. 2019/397
Acesso em linha:Full text available on IMF
LEADER 02059cas a2200241 a 4500
001 AALejournalIMF016137
008 230101c9999 xx r poo 0 0eng d
020 |c 5.00 USD 
020 |z 9781513524689 
022 |a 1934-7685 
040 |a BD-DhAAL  |c BD-DhAAL 
110 2 |a International Monetary Fund.  |b Middle East and Central Asia Dept. 
245 1 0 |a Armenia :   |b First Review under the Stand-By Arrangement-Press Release; Staff Report; and Statement by the Executive Director for the Republic of Armenia. 
264 1 |a Washington, D.C. :  |b International Monetary Fund,  |c 2019. 
300 |a 1 online resource (73 pages) 
490 1 |a IMF Staff Country Reports 
500 |a <strong>Off-Campus Access:</strong> No User ID or Password Required 
500 |a <strong>On-Campus Access:</strong> No User ID or Password Required 
506 |a Electronic access restricted to authorized BRAC University faculty, staff and students 
520 3 |a This paper highlights Republic of Armenia's First Review Under the Stand-By-Arrangement. Armenia's economic performance is strong with healthy growth, low inflation, a stable financial system, with increasing foreign reserves and higher revenues. Despite fiscal overperformance, it is key to maintain the reform momentum to strengthen revenue mobilization, including by completing reforms to property taxation. Implementation of the authorities' reform agenda including efforts to improve governance by establishing a holistic anti-corruption framework, will bolster sustainable and inclusive growth. The monetary policy framework's focus on price stability has served Armenia well. The authorities' implementation of Basel III measures will raise the resilience of the financial system, while their plans to develop the capital market and improve access to finance are also welcome. 
538 |a Mode of access: Internet 
830 0 |a IMF Staff Country Reports; Country Report ;  |v No. 2019/397 
856 4 0 |z Full text available on IMF  |u http://elibrary.imf.org/view/journals/002/2019/397/002.2019.issue-397-en.xml  |z IMF e-Library